[Event "Stepanov Memorial op"]
[Site "Sochi"]
[Date "2005.10.??"]
[Round "1"]
[White "Mumdgan, Suren"]
[Black "Pushkov, Nikolai"]
[Result "1/2-1/2"]
[WhiteElo "2177"]
[BlackElo "2448"]
[PlyCount "71"]
[EventDate "2005.10.13"]
[EventType "swiss"]
[EventRounds "9"]
[EventCountry "RUS"]
[SourceTitle "EXT 2007"]
[Source "ChessBase"]
[SourceDate "2006.11.23"]
[SourceVersion "1"]
[SourceVersionDate "2006.11.23"]
[SourceQuality "1"]

1. d4 Nf6 2. c4 e6 3. Nf3 d5 4. g3 Bb4+ 5. Nbd2 0-0 6. Bg2 c6 7. 0-0 Nbd7 8. Qc2 b6 9. b3 Ba6 10. Bb2 Rc8 11. a3 Be7 12. e4 c5 13. e5 Ne8 14. Rfe1 cxd4 15. Nxd4 b5 16. Rac1 Nb6 17. Bf1 bxc4 18. bxc4 Qd7 19. Qb3 Bb7 20. Qb5 Nc7 21. Qxd7 Nxd7 22. Nb5 Nxb5 23. cxb5 Nb6 24. Nb3 Nc4 25. Bxc4 dxc4 26. Na5 Bd5 27. Rc2 c3 28. Rxc3 Rxc3 29. Bxc3 Bxa3 30. Bd4 Bb4 31. Ra1 Rc8 32. Nc6 Bxc6 33. bxc6 Rxc6 34. Rxa7 h5 35. Ra4 Be7 36. Ra8+ 1/2-1/2

[Event "Stepanov Memorial op"]
[Site "Sochi"]
[Date "2005.10.??"]
[Round "2"]
[White "Pravdiuk, Vladimir P"]
[Black "Mumdgan, Suren"]
[Result "0-1"]
[WhiteElo "2304"]
[BlackElo "2177"]
[PlyCount "126"]
[EventDate "2005.10.13"]
[EventType "swiss"]
[EventRounds "9"]
[EventCountry "RUS"]
[SourceTitle "EXT 2007"]
[Source "ChessBase"]
[SourceDate "2006.11.23"]
[SourceVersion "1"]
[SourceVersionDate "2006.11.23"]
[SourceQuality "1"]

1. e4 e6 2. Qe2 Ne7 3. g3 b6 4. Bg2 Bb7 5. Nf3 c5 6. d3 Nbc6 7. c3 e5 8. 0-0 g6 9. Na3 Bg7 10. Nc4 0-0 11. Nd6 Ba6 12. a4 Na5 13. Nd2 Qc7 14. Nb5 Qc6 15. c4 Bxb5 16. axb5 Qc7 17. Qd1 a6 18. bxa6 Rxa6 19. Nb3 Rfa8 20. Nxa5 Rxa5 21. Rxa5 bxa5 22. Bd2 Nc6 23. Bc3 Nb4 24. Qa4 Qc6 25. Ra1 Bf6 26. Bf1 Qd6 27. Qb5 Bd8 28. Qa4 h5 29. h4 Qe7 30. Qd1 Bc7 31. Qd2 Kg7 32. Be2 f6 33. Kg2 Ra7 34. b3 Ra8 35. Bd1 Qd6 36. Bc2 Kh7 37. Re1 Rg8 38. Re3 Qb6 39. Bd1 Qe6 40. Qe2 Nc6 41. Qd2 Ra8 42. Bb2 Bd6 43. Bc1 Bf8 44. Re1 Bg7 45. Rg1 Qf7 46. Kh2 Qf8 47. f4 Bh6 48. Qf2 Qd6 49. Be2 Nd4 50. f5 Bxc1 51. fxg6+ Kxg6 52. Rxc1 Nxe2 53. Qxe2 Qe6 54. Rg1 Qg4 55. Qxg4+ hxg4 56. Ra1 f5 57. exf5+ Kxf5 58. Kg2 e4 59. Rf1+ Ke5 60. Re1 Kd4 61. dxe4 Kc3 62. h5 Kxb3 63. h6 Rh8 0-1

[Event "Stepanov Memorial op"]
[Site "Sochi"]
[Date "2005.10.??"]
[Round "6"]
[White "Tomilova, Elena"]
[Black "Mumdgan, Suren"]
[Result "1-0"]
[WhiteElo "2250"]
[BlackElo "2177"]
[PlyCount "150"]
[EventDate "2005.10.13"]
[EventType "swiss"]
[EventRounds "9"]
[EventCountry "RUS"]
[SourceTitle "EXT 2007"]
[Source "ChessBase"]
[SourceDate "2006.11.23"]
[SourceVersion "1"]
[SourceVersionDate "2006.11.23"]
[SourceQuality "1"]

1. e4 e6 2. d4 d5 3. Nc3 Bb4 4. exd5 exd5 5. Bd3 Nc6 6. Nge2 Bg4 7. f3 Bh5 8. 0-0 Bg6 9. Nf4 Nge7 10. Nce2 Qd7 11. c3 Bd6 12. b4 Nd8 13. Re1 c6 14. a4 0-0 15. Nxg6 Nxg6 16. Ng3 Qc7 17. Nf1 Ne6 18. g3 Rae8 19. f4 f5 20. Ra2 Rf6 21. Qh5 Qf7 22. Rae2 Ngf8 23. Qf3 Nc7 24. Ne3 g6 25. g4 Re4 26. Bxe4 fxe4 27. Qg2 Bxf4 28. g5 Bxe3+ 29. Bxe3 Rf5 30. Rf2 Nfe6 31. Ref1 Ne8 32. Qg3 N6g7 33. Qb8 a6 34. Bf4 Ne6 35. Be3 N6g7 36. h4 Qc7 37. Rxf5 gxf5 38. Qxc7 Nxc7 39. h5 Nxh5 40. Rxf5 Ne6 41. a5 Nc7 42. Kg2 Nb5 43. Bd2 Nd6 44. Rf2 Nc4 45. Re2 Kg7 46. Bc1 Kg6 47. Kh3 Ng7 48. Kg4 Nf5 49. Rf2 Ncd6 50. Re2 Nb5 51. Rf2 Nbd6 52. Bf4 Nc4 53. Re2 Ng7 54. Be3 Nxe3+ 55. Rxe3 Ne6 56. Rg3 Nxg5 57. Kf4 h6 58. Ke5 Kh5 59. Kd6 Kh4 60. Re3 Kg4 61. Kc7 h5 62. Kxb7 h4 63. Kxc6 h3 64. b5 h2 65. Re1 Nf3 66. Rh1 e3 67. bxa6 e2 68. a7 e1Q 69. Rxe1 Nxe1 70. a8Q h1Q 71. Qg8+ Kf4 72. Qxd5 Nf3 73. a6 Qc1 74. Qc4 Nd2 75. Qf7+ Ke3 1-0